|
|
|
|
| LEADER |
00000cam a22000004a 4500 |
| 001 |
musev2_2302 |
| 003 |
MdBmJHUP |
| 005 |
20230905040314.0 |
| 006 |
m o d |
| 007 |
cr||||||||nn|n |
| 008 |
070424s2007 alu o 00 0 eng d |
| 010 |
|
|
|z 2007016291
|
| 020 |
|
|
|a 9780817381493
|
| 020 |
|
|
|z 9780817315863
|
| 020 |
|
|
|z 9780817354541
|
| 035 |
|
|
|a (OCoLC)209198212
|
| 040 |
|
|
|a MdBmJHUP
|c MdBmJHUP
|
| 043 |
|
|
|a n-us-va
|
| 050 |
0 |
4 |
|a E445.V8
|b S26 2007
|
| 082 |
0 |
|
|a 975.5/00496073
|2 22
|
| 100 |
1 |
|
|a Samford, Patricia.
|
| 245 |
1 |
0 |
|a Subfloor Pits and the Archaeology of Slavery in Colonial Virginia /
|c Patricia M. Samford.
|
| 264 |
|
1 |
|a Tuscaloosa :
|b University of Alabama Press,
|c 2007.
|
| 264 |
|
3 |
|a Baltimore, Md. :
|b Project MUSE,
|c 2012
|
| 264 |
|
4 |
|c ©2007.
|
| 300 |
|
|
|a 1 online resource (246 pages):
|b ill., maps ;
|
| 336 |
|
|
|a text
|b txt
|2 rdacontent
|
| 337 |
|
|
|a computer
|b c
|2 rdamedia
|
| 338 |
|
|
|a online resource
|b cr
|2 rdacarrier
|
| 504 |
|
|
|a Includes bibliographical references (p. [203]-224) and index.
|
| 588 |
|
|
|a Description based on print version record.
|
| 650 |
|
0 |
|a Excavations (Archaeology)
|z Virginia.
|
| 650 |
|
0 |
|a African Americans
|z Virginia
|x Antiquities.
|
| 650 |
|
0 |
|a Material culture
|z Virginia
|x History.
|
| 650 |
|
0 |
|a Sacred space
|z Virginia
|x History.
|
| 650 |
|
0 |
|a Hiding places
|z Virginia
|x History.
|
| 650 |
|
0 |
|a Root cellars
|z Virginia
|x History.
|
| 650 |
|
0 |
|a Slaves
|x Homes and haunts
|z Virginia
|x History.
|
| 650 |
|
0 |
|a Slaves
|z Virginia
|x Social life and customs.
|
| 651 |
|
0 |
|a Virginia
|x History
|y 1775-1865.
|
| 651 |
|
0 |
|a Virginia
|x History
|y Colonial period, ca. 1600-1775.
|
| 655 |
|
7 |
|a Electronic books.
|2 local
|
| 710 |
2 |
|
|a Project Muse.
|e distributor
|
| 830 |
|
0 |
|a Book collections on Project MUSE.
|
| 856 |
4 |
0 |
|z Texto completo
|u https://projectmuse.uam.elogim.com/book/2302/
|
| 945 |
|
|
|a Project MUSE - Custom Collection
|
| 945 |
|
|
|a Project MUSE - Archive Complete Foundation
|
| 945 |
|
|
|a Project MUSE - Archive Archaeology and Anthropology Foundation
|